Normal view MARC view

Entry Topical Term

Number of records used in: 2

001 - CONTROL NUMBER

  • control field: 16991

003 - CONTROL NUMBER IDENTIFIER

  • control field: OSt

005 - DATE AND TIME OF LATEST TRANSACTION

  • control field: 20240523105139.0

008 - FIXED-LENGTH DATA ELEMENTS

  • fixed length control field: 240523|| aca||aabn | a|a d

040 ## - CATALOGING SOURCE

  • Original cataloging agency: OSt
  • Transcribing agency: OSt

150 ## - HEADING--TOPICAL TERM

  • Topical term or geographic name entry element: Quantum Optics

670 ## - SOURCE DATA FOUND

  • Source citation: Work cat.: (OSt)5607: Gerry, C. Christopher; Knight, L. Peter; 11718, Introductory Quantum Optics., 2005.